Les amours de Lauzun / (Record no. 64826)

MARC details
000 -LEADER
campo de control de longitud fija 00392nam a2200145 i 4500
001 - NÚMERO DE CONTROL
campo de control 64826
003 - IDENTIFICADOR DE NÚMERO DE CONTROL
campo de control ES-MaACL
005 - FECHA Y HORA DE LA ÚLTIMA TRANSACCIÓN
campo de control 20230906165224.0
007 - CAMPO FIJO DE DESCRIPCIÓN FÍSICA--INFORMACIÓN GENERAL
campo de control de longitud fija t|
008 - DATOS DE LONGITUD FIJA--INFORMACIÓN GENERAL
campo de control de longitud fija 040105s1931 fr ||||1| fre d
100 1# - ENTRADA PRINCIPAL--NOMBRE DE PERSONA
Nombre de persona Fouquiéres, André de.
9 (RLIN) 51953
245 14 - MENCIÓN DEL TÍTULO
Título Les amours de Lauzun /
Mención de responsabilidad, etc. André de Fouquières.
260 ## - PUBLICACIÓN, DISTRIBUCIÓN, ETC.
Lugar de publicación, distribución, etc. París :
Nombre del editor, distribuidor, etc. [s.n.,
Fecha de publicación, distribución, etc. 1931] (
Fabricante E. Grevin)
852 ## - LOCALIZACIÓN
Ubicación ES-MaACL
Número de control de estantería B-12627
Holdings
Estatus retirado Estado de pérdida Estado de daño No para préstamo Biblioteca de origen Biblioteca actual Ubicación en estantería Fecha de adquisición Fuente de adquisición Total de préstamos Signatura topográfica completa Código de barras Visto por última vez Precio de reemplazo Tipo de ítem Koha
        Biblioteca del Ateneo de Madrid Biblioteca del Ateneo de Madrid Sala Pardo Bazán 17/01/2008     B-12627 1067922 23/02/2023 23/02/2023 Libro impreso